| 000 | 00484nam a2200181 a 4500 | ||
|---|---|---|---|
| 005 | 20230602063703.0 | ||
| 008 | 991125s1978 mx 000 0 spa u | ||
| 020 | _a9684190166 | ||
| 035 | _aUPN01000034821 | ||
| 049 | _aCG | ||
| 050 | 4 |
_aPQ7298.29 A4 _bL4 |
|
| 100 | 1 |
_aSamperio, Guillermo, _d1948- _930941 |
|
| 245 | 1 | 0 |
_aLenin en el fĂștbol / _cGuillermo Samperio. |
| 260 |
_aMéxico : _bGrijalbo, _c1978. |
||
| 300 | _a275 p. | ||
| 650 | 4 |
_aNovela mexicana _94557 |
|
| 905 | _aLibro | ||
| 999 |
_c34821 _d34821 |
||